书目信息 |
| 题名: |
其实我讨厌你
|
|
| 作者: | 亚瑟罗德 , 荷杰 著 ;林娟娟 译 | |
| 分册: | ||
| 出版信息: | 北京 中国劳动社会保障出版社 2004.04 |
|
| 页数: | 147页 | |
| 开本: | 21cm | |
| 丛书名: | 科文求职问津丛书 | |
| 单 册: | ||
| 中图分类: | C913.2 , C912.3 | |
| 科图分类: | ||
| 主题词: | 职业选择--基本知识 , 社会结构 , 社会关系 | |
| 电子资源: | ||
| ISBN: | 7-5045-2818-8 | |
| 000 | 01001nam2 2200313 45 | |
| 001 | 012004000000 | |
| 005 | 20041021153729.03 | |
| 010 | @a7-5045-2818-8@dCNY 9.80 | |
| 100 | @a20040714d2004 em y0chiy0121 ea | |
| 101 | 1 | @achi@ceng |
| 102 | @aCN@b110000 | |
| 105 | @af z 000yy | |
| 200 | 1 | @a其实我讨厌你@Aqi shi wo tao yan ni@d201 ways to deal with difficult people@e如何对付难缠人@f(美)艾伦·亚瑟罗德, 吉姆·荷杰著@g林娟娟译@zeng |
| 210 | @a北京@c中国劳动社会保障出版社@d2004.04 | |
| 215 | @a147页@c图@d21cm | |
| 225 | 2 | @a科文求职问津丛书 |
| 410 | 0 | @12001 @a科文求职问津丛书 |
| 510 | 1 | @a201 ways to deal with difficult people@zeng |
| 517 | 1 | @a如何对付难缠人 |
| 606 | 0 | @a职业选择@x基本知识 |
| 606 | 0 | @a社会结构 |
| 606 | 0 | @a社会关系 |
| 690 | @aC913.2@v4 | |
| 690 | @aC912.3@v3 | |
| 701 | 1 | @a亚瑟罗德@Aya se luo de@b艾伦@4著 |
| 701 | 1 | @a荷杰@Ahe jie@b吉姆@4著 |
| 702 | 0 | @a林娟娟@Alin juan juan@4译 |
| 801 | 0 | @aCN@bQSSKw@c20041021 |
| 905 | @a10447@dC912.3@eA360 | |
| 其实我讨厌你=201 ways to deal with difficult people:如何对付难缠人/(美)艾伦·亚瑟罗德, 吉姆·荷杰著/林娟娟译.-北京:中国劳动社会保障出版社,2004.04 |
| 147页:图;21cm.-(科文求职问津丛书) |
| ISBN 7-5045-2818-8:CNY 9.80 |
| ● |
| 相关链接 |
|
|
|
正题名:其实我讨厌你
索取号:C912.3/A360
 
预约/预借
| 序号 | 登录号 | 条形码 | 馆藏地/架位号 | 状态 | 备注 |
| 1 | 421921 | 204219210 | 社科库509/509社科库 58排8列2层/ [索取号:C912.3/A360] | 在馆 | |
| 2 | 421922 | 204219229 | 社科库509/509社科库 58排8列2层/ [索取号:C912.3/A360] | 在馆 | |
| 3 | 421923 | 204219238 | 社科库509/509社科库 58排8列2层/ [索取号:C912.3/A360] | 在馆 |